Quizzes
Events
Quiz Creation
Community
Videos
Private Events
Remove Ads
Sign In
Join for FREE
Feedback
Dark Mode
Quiz Categories
Sports
Geography
Music
Movies
Television
Just For Fun
Miscellaneous
History
Literature
Language
Science
Gaming
Entertainment
Religion
Holiday
For Kids
Quiz Lab
Recent
Popular Today
Quiz Kudos Today
Editor Picks
Curator Picks
Quizzes by...
Day
Popularity
Type
Ratings
Length
Year
Community
Subscriptions
Recent Discussions
Orange Saloon
Badges
Playlists
Quests
Create
Leaderboards
Showdown
Live 5
Trivia Bingo
Activity
Puzzle Library
Sporcle Events
Private Events
Virtual Trivia
Globe League
Become a Host
Pub Owners
SporcleCon
Opinionation
Our Games
Videos
Blog
Mobile Apps
Partnerships
Remove Ads and Go Orange
Feedback
Sports
Athletes
MLB
NBA
NHL
NFL
Soccer
Sports Teams
WWE
NCAA
Football
Premier League
Basketball
Baseball
Hockey
Golf
Tennis
Cricket
Rugby
Auto Racing
Olympics
World Cup
Sports
Athletes
MLB
NBA
NHL
NFL
Soccer
Sports Teams
WWE
NCAA
Football
Premier League
Basketball
Baseball
Hockey
Golf
Tennis
Cricket
Rugby
Auto Racing
Olympics
World Cup
Random Quiz
Search Sporcle
×
Quiz Lab
Quiz Lab
Sports
Country
Type in answers that appear in a list
Type in answers that appear in a list
Classic
Best Score? Go Orange.
Fifa top countries (50) in 2010? Stats
Can you name the top 50 football countries?
By
robandchrisown
10m
50 Questions
405 Plays
405 Plays
405 Plays
Comments
Comments
Give Quiz Kudos
Give Quiz Kudos
-
- Ratings
hide this ad
Forced Order
Answers have to be entered in order
Answers have to be entered in order
Replay
Link that replays current quiz
Next Quiz
Link to next quiz in quiz playlist
You Got
0%
They Got
Avg Score
61%
Avg Friend Score
Upgrade to see
Score Distribution
Jump to the score distribution portion of the page
Score
0/50
Timer
10:00
0
Plays Today
star player
country
% Correct
Fernando Torres
Spain
99%
Kaka
Brazil
99%
Wayne Rooney
England
99%
Cristiano Ronaldo
Portugal
98.5%
Ruud Van Nistelrooy
Netherlands
97.8%
Francesco Totti
Italy
97%
Lionel Messi
Argentina
96.5%
Franck Ribery
France
95.1%
Miroslav Klose
Germany
93.8%
Clint Dempsey
USA
87.2%
Andrey Arshavin
Russia
81.5%
Didier Drogba
Ivory Coast
79.3%
Samuel Eto'o
Cameroon
78%
Andriy Shevchenko
Ukraine
76%
Georgios Samaras
Greece
73.1%
Michael Essien
Ghana
72.3%
Nemanja Vidic
Serbia
70.9%
Niko Kranjcar
Croatia
70.1%
Zlatan Ibrahimovic
Sweden
70.1%
Diego Forlan
Uruguay
69.6%
Pavel Nedved
Czech Republic
69.1%
Dimitar Berbatov
Bulgaria
68.1%
Mark Schwarzer
Australia
66.9%
Carlos Vela
Mexico
66.4%
Roque Santa Cruz
Paraguay
65.9%
star player
country
% Correct
Yakubu Aygebini
Nigeria
64.4%
Yossi Benayoun
Israel
64.4%
Shunsuke Nakamura
Japan
63%
Amr Zaki
Egypt
62.7%
Morten Gamst-
Pedersen
Norway
60.5%
Phillipe Senderos
Switzerland
60%
Robbie Keane
Republic of Ireland
57.3%
Adrian Mutu
Romania
54.8%
Kenny Miller
Scotland
50.6%
Nadir Belhadj
Algeria
49.6%
David Healy
Northern Ireland
49.6%
Wilson Palacios
Honduras
48.9%
Nihat
Turkey
47.4%
Antonio Valencia
Ecuador
45.7%
Marek Hamsik
Slovakia
43%
Juan Pablo Angel
Colombia
42%
Nolberto Solano
Chile
35.6%
Edin Dzeko
Bosnia-Herzegovina
33.1%
Nabil El Zhar
Morocco
24.4%
Ji Sung Park
Korea Republic
22.5%
Zoltan Gera
Slovenia
17%
Daniel Cousin
Gabon
16.8%
Walter Centano
Costa Rica
12.3%
Kaspars Gorkss
Latvia
11.1%
Ronald Vargas
Venezuela
10.9%
Quiz Playlist
Details
Report
Send in Message
Add To Playlist
Classic:
Type in answers that appear in a list
Forced Order:
Answers have to be entered in order
Last Updated: Feb 16, 2017
Quiz Scoreboard
CHALLENGE
Sign Up to Join the Scoreboard
Show All
Scores
Hide
Comments
May contain spoilers
Recently Published
1-10 Letter E Words III
by El_Dandy
Language
2m
One Thing in Common: World Cities II
by knightlancer
Geography
7m
Popular People in 1961
by mucciniale
History
6m
More to Explore
Quiz From the Vault
Featured Blog Post
Where Did the Easter Bunny Come From?
hide this ad
You Might Also Like...
Tags
Country Quiz
Football Quiz
World Quiz
2010
FIFA
Player
star
Today's Top Quizzes in Sports
Browse Sports
hide this ad
Today's Top Quizzes in Country
Browse Country
Top Contributed Quizzes in Sports
1
Les meilleurs buteurs des matchs entre le PSG et l’OM
2
Les entraîneurs de l'OM et du PSG au 21e siècle
3
2022 World Cup Stars
4
FIFA Club World Cup Champions
5
Name the Premier League winners with different clubs
6
La finale Lions - Afrique du Sud 2021
7
Criteria MLB: Left Handed Sluggers
8
Players with Multiple 50 Home Run Seasons
9
MLB Players with Two .350 Batting Average Seasons
10
MLB Hall of Famer by Rings
Explore More
Trending Topics
Marvel
Kpop
Harry Potter
Disney
Anime
NBA
Crossword
Pokémon
Puzzle
NFL
Country
WWE
Soccer
The Office
Song
hide this ad
More By:
robandchrisown
Quiz
Plays
Rating
Category
Featured
Created
Capital cities
718
2.29
Geography
Jan 8, 2010
World Cup 2010 Killer Quiz
501
1.00
Sports
Jul 18, 2010
World Rivers
501
1.17
Geography
Jul 19, 2010
fifa top countries (50) in 2010?
405
1.33
Sports
Feb 11, 2010
best recent singers
175
1.11
Music
Dec 17, 2009
Go to Creator's Profile
Score Distribution
Quiz Creator Spotlight
robandchrisown
Follow
Send a Message
Quizzes Created
-
Created Quiz Play Count
-
More By This Creator
Popular Quizzes Today
1
Find the US States - No Outlines Minefield
2
The Countries of the World
3
Find the Countries of Europe - No Outlines Minefield
4
Popular People in 1961
5
1-10 Letter E Words III
6
Find the US States
7
One Thing in Common: World Cities II
8
US States
More Sports Quizzes
Win The Premier League: 1992-93
Quiz Lab
Trending Quizzes
Risky Map Clicking: Least Populous States A-Z
1-10 Letter F Words
1-10 Letter G Words
One Thing in Common: United Kingdom
Risky Map Clicking: Next State Alphabetically
Recently Updated
Leaping Animals
pecheneg
Reality TV Shows (A-Z)
bhenderson79
Rickey Henderson's Hall of Fame Teammates
pecheneg
Champions League XIs: Arsenal
pecheneg
Quick Pick: Celebrities in WWE's Hall of Fame
aduchscher
A-Z Keypad Blitz II
pecheneg
Multiple Oscar Actors
pecheneg
Mystery Phrase Blitz: Oscar 'Best Actors'
pecheneg
F. Scott Fitzgerald Novels
LTH
Pick 3 Villains
ddd62291
Trending Topics
Crossword
Harry Potter
Marvel
Anime
NBA
Kpop
Disney
The Office
WWE
Song
Soccer
Country
Puzzle
Pokémon
NFL
Your Account Isn't Verified!
In order to create a playlist on Sporcle, you need to verify the email address you used during registration. Go to your
Sporcle Settings
to finish the process.
Report this User
Report this user for behavior that violates our
Community Guidelines
.
Details:
Send Report
Go to the Sporcle.com Mobile Site →
Comments